| 000 | 01199cam a22003493a 4500 | ||
|---|---|---|---|
| 001 | 12633347 | ||
| 003 | OSt | ||
| 005 | 20140310181649.0 | ||
| 008 | 991027s1999 nyu j 000 1 eng d | ||
| 010 | _a 2002557467 | ||
| 020 |
_a0590023764 : _c$4.50 ($5.50 Can.) |
||
| 035 | _a(OCoLC)ocm42713795 | ||
| 040 |
_aUPZ _cUPZ _dDLC |
||
| 042 | _alccopycat | ||
| 050 | 0 | 0 |
_aPZ 7 _b.G984 1999 |
| 082 |
_aKF _bG98k 1999 |
||
| 100 | 1 |
_aGutman, Dan. _96626 |
|
| 245 | 1 | 4 |
_aThe kid who became president / _cDan Gutman |
| 260 |
_aNew York : _bScholastic, _cc1999. |
||
| 300 |
_a215 p. _c20 cm. |
||
| 541 | _j1 | ||
| 562 | _e1 | ||
| 650 | 1 |
_aPresidents _vFiction. _96627 |
|
| 650 | 1 |
_aPolitics, Practical _vFiction. _96628 |
|
| 655 | 7 |
_aPolitical fiction. _2lcsh _91888 |
|
| 710 | 2 |
_aCopyright Paperback Collection (Library of Congress) _5DLC _9705 |
|
| 856 | 4 | 2 |
_3Contributor biographical information _uhttp://www.loc.gov/catdir/enhancements/fy1113/2002557467-b.html |
| 856 | 4 | 2 |
_3Publisher description _uhttp://www.loc.gov/catdir/enhancements/fy1113/2002557467-d.html |
| 906 |
_a7 _bcbc _ccopycat _d2 _encip _f20 _gy-genrareb |
||
| 942 |
_2lcc _cBK-KF _kKF |
||
| 999 |
_c945 _d945 |
||